Taylor Swift - guess the song with a random verse #6 - Statistics

General Stats
  • This quiz has been taken 37 times
  • The average score is 5 of 10
Answer Stats
Hint Answer % Correct
I'm dying to see how this one ends Blank Space
83%
I just need this love spiral Lavender Haze
79%
With important men who think important thoughts Now That We Don't Talk
72%
Unless you wanna come along ? Gorgeous
66%
I'm the one who burned us down Afterglow
48%
But it's never too late to come back to my side Dorothea
48%
And I'll be loving you for quite some time Stay Stay Stay
45%
You say that the past is the past, you need one chance Should've Said No
38%
And nothing we say is gonna save us from the fallout Breathe
28%
Takin' down the pictures and the plans we made, yeah Babe
21%
No matching quizzes found
Score Distribution
Percent of People with Each Score
Percentile by Number Answered
Your Score History
You have not taken this quiz